000 00692nam a2200265Ia 4500
005 20260302115307.0
008 008 260114s9999 xx 000 0 eng d
020 _a9798400686559
037 _aTextbook
040 _aCRL
040 _beng
040 _cCRL
041 _2eng
041 _aeng
084 _qCRL
100 _aVicki K. Janik, Del Ivan Janik
_91121238
245 0 _aModern British Women Writers An A-to-Z Guide
260 _bBloomsbury
260 _bGreenwood
260 _c2002
650 _aLiterary Studies
856 _uhttps://doi.org/10.5040/9798400686559?locatt=label:secondary_bloomsburyCollections
942 _cEBOOK
999 _c1685675
_d1685675